000 00300nam a22001337a 4500
008 170818b xxu||||| |||| 00| 0 eng d
020 _a9781305315471
041 _aeng
080 _25 ED
_a51
100 _a37
101 _aMAT
245 _aCOLLLEGE ALGEBRA
_cHUNGERFORD.W.TH
942 _2udc
_cBK
999 _c24150
_d24150